The structure of computers and computations
Αποθηκεύτηκε σε:
| Κύριος συγγραφέας: | |
|---|---|
| Μορφή: | Βιβλίο |
| Γλώσσα: | English |
| Δημοσίευση: |
New York :
Wiley,
c1978
|
| Θέματα: | |
| Ετικέτες: |
Προσθήκη ετικέτας
Δεν υπάρχουν, Καταχωρήστε ετικέτα πρώτοι!
|
MARC
| LEADER | 00000cam a2200000 i 4500 | ||
|---|---|---|---|
| 001 | 1/48318 | ||
| 008 | 960307s1978 eng d | ||
| 020 | |a 0471027162 ((v. 1)) | ||
| 035 | |l 10026651 | ||
| 040 | |a GR-MY-UA |b |e aacr | ||
| 041 | 0 | |a eng | |
| 082 | 0 | |a 621.3819/52 | |
| 100 | 1 | |a Kuck, David J. | |
| 245 | 1 | 4 | |a The structure of computers and computations / |c David J. Kuck |
| 260 | |a New York : |b Wiley, |c c1978 | ||
| 300 | |a v.; |b ill.; |c 24 cm | ||
| 504 | |a Includes bibliographical references and index | ||
| 650 | 0 | 0 | |a Computer architecture. |
| 852 | |a INST |b CHIOS |e 19960307 |h 621.381952 KVC |p 005200004822 |q 005200004822 |t BK |y 0 | ||
| 909 | |a Χ |b 000023 | ||